[Event "Lisbon Portugal op"]
[Site "Lisbon"]
[Date "2020.01.25"]
[Round "1"]
[White "Alshameary Puente, Ismael"]
[Black "Terwagne, Bertrand"]
[Result "1-0"]
[WhiteElo "2385"]
[BlackElo "1796"]
[PlyCount "43"]
[EventDate "2020.01.25"]
[EventType "swiss"]
[EventRounds "9"]
[EventCountry "POR"]
[SourceTitle "CBM 194"]
[Source "ChessBase"]
[SourceDate "2020.01.27"]
[SourceVersion "1"]
[SourceVersionDate "2020.01.27"]
[SourceQuality "1"]

1. d4 Nf6 2. c4 e6 3. Nc3 d5 4. cxd5 Nxd5 5. e4 Nxc3 6. bxc3 c5 7. Rb1 g6 8. h4 cxd4 9. cxd4 Bg7 10. Nf3 Nc6 11. Bb5 0-0 12. Be3 Qc7 13. Qc1 Qd6 14. e5 Qc7 15. Bh6 Qa5+ 16. Kf1 f6 17. Bxg7 Kxg7 18. h5 gxh5 19. Rxh5 Qxa2 20. Qh6+ Kf7 21. Rc1 Ke7 22. Qg7+ 1-0

[Event "Heusenstamm Sparkassen op-A 6th"]
[Site "Heusenstamm"]
[Date "2019.11.23"]
[Round "5"]
[White "Altenbernd, Jannis Domenik"]
[Black "Terwagne, Bertrand"]
[Result "1-0"]
[WhiteElo "2022"]
[BlackElo "1809"]
[PlyCount "71"]
[EventDate "2019.11.21"]
[EventType "swiss"]
[EventRounds "7"]
[EventCountry "GER"]
[SourceTitle "CBM 194 Extra"]
[Source "ChessBase"]
[SourceDate "2020.03.31"]
[SourceVersion "1"]
[SourceVersionDate "2020.03.31"]
[SourceQuality "1"]

1. d4 Nf6 2. c4 e6 3. Nc3 d5 4. cxd5 Nxd5 5. e4 Nxc3 6. bxc3 c5 7. Bb5+ Nd7 8. Qa4 Be7 9. Ne2 0-0 10. 0-0 a6 11. Bd3 b5 12. Qd1 Bb7 13. Be3 cxd4 14. cxd4 Rc8 15. Qb3 Nb6 16. Rac1 Qd6 17. Qb1 Qb4 18. Qxb4 Bxb4 19. d5 Nd7 20. dxe6 fxe6 21. Bb1 Ne5 22. f3 Nc4 23. Bf2 Rfd8 24. Nd4 Kf7 25. Nb3 a5 26. Rfd1 Ba3 27. Rxd8 Rxd8 28. Re1 Bb2 29. Nc5 Bc8 30. Bd3 e5 31. Rb1 Ba3 32. Rxb5 Nb2 33. Bc2 a4 34. Nxa4 Rd2 35. Bb3+ Kg6 36. Rb6+ 1-0

[Event "Heusenstamm Sparkassen op-A 6th"]
[Site "Heusenstamm"]
[Date "2019.11.22"]
[Round "2"]
[White "Terwagne, Bertrand"]
[Black "Koellner, Christof"]
[Result "1/2-1/2"]
[WhiteElo "1809"]
[BlackElo "2088"]
[PlyCount "101"]
[EventDate "2019.11.21"]
[EventType "swiss"]
[EventRounds "7"]
[EventCountry "GER"]
[SourceTitle "CBM 194 Extra"]
[Source "ChessBase"]
[SourceDate "2020.03.31"]
[SourceVersion "1"]
[SourceVersionDate "2020.03.31"]
[SourceQuality "1"]

1. Nf3 d5 2. d4 Nf6 3. c4 e6 4. g3 Bb4+ 5. Bd2 Bd6 6. Bg2 c6 7. Qc2 Ne4 8. 0-0 0-0 9. Bc1 f5 10. Bf4 Bxf4 11. gxf4 Rf6 12. b3 Rh6 13. Nbd2 Nd7 14. Rac1 Nf8 15. Qd3 Bd7 16. Qe3 Qe8 17. Nxe4 fxe4 18. Ne5 Qh5 19. h3 Rf6 20. f3 exf3 21. Qxf3 Be8 22. Qxh5 Bxh5 23. e3 Bg6 24. Bf3 Rd8 25. Kf2 Nd7 26. Nxd7 Rxd7 27. Rg1 Bf5 28. Bg4 Kf8 29. Bxf5 exf5 30. cxd5 Rxd5 31. Rc5 Rfd6 32. Rgc1 Kf7 33. b4 Ke6 34. a4 Rd7 35. Kf3 g6 36. a5 a6 37. h4 Kf6 38. R1c2 Kg7 39. Rg2 Kf6 40. Rgc2 R5d6 41. Rc1 Re6 42. R1c2 Rde7 43. R5c3 Re4 44. Rc1 h6 45. Rg1 Rg7 46. Rg2 Rge7 47. Rg1 R7e6 48. Rg2 Kf7 49. Rg1 Rf6 50. Rg2 Re7 51. Rg1 1/2-1/2

[Event "Heusenstamm Sparkassen op-A 6th"]
[Site "Heusenstamm"]
[Date "2019.11.21"]
[Round "1"]
[White "Gallasch, Robin"]
[Black "Terwagne, Bertrand"]
[Result "0-1"]
[WhiteElo "2072"]
[BlackElo "1809"]
[PlyCount "120"]
[EventDate "2019.11.21"]
[EventType "swiss"]
[EventRounds "7"]
[EventCountry "GER"]
[SourceTitle "CBM 194 Extra"]
[Source "ChessBase"]
[SourceDate "2020.03.31"]
[SourceVersion "1"]
[SourceVersionDate "2020.03.31"]
[SourceQuality "1"]

1. d4 Nf6 2. c4 e6 3. Nf3 d5 4. Nc3 c5 5. cxd5 Nxd5 6. e4 Nxc3 7. bxc3 cxd4 8. cxd4 Bb4+ 9. Bd2 Bxd2+ 10. Qxd2 Nd7 11. Bd3 0-0 12. 0-0 b6 13. e5 Bb7 14. Ng5 g6 15. f4 Qe7 16. f5 exf5 17. Bc4 Nxe5 18. dxe5 Qc5+ 19. Kh1 Qxc4 20. e6 f6 21. Nxh7 Bxg2+ 22. Qxg2 Kxh7 23. Rae1 Rac8 24. Rg1 Qc6 25. Qxc6 Rxc6 26. Rd1 Rxe6 27. Rd7+ Kh6 28. Rxa7 Rfe8 29. Rb7 Ra8 30. Rb1 Rxa2 31. R7xb6 Rxb6 32. Rxb6 Kg5 33. Rb5 Re2 34. Kg1 Ra2 35. Rc5 Ra6 36. Kg2 Kg4 37. h3+ Kf4 38. Rc4+ Kg5 39. Rc3 Ra2+ 40. Kf3 Rh2 41. Kg3 Rb2 42. Rc5 Rb3+ 43. Kg2 Re3 44. Ra5 Re5 45. Ra6 f4 46. Rb6 Re3 47. Rb5+ f5 48. Rb6 Rg3+ 49. Kh2 Kh4 50. Kh1 Kxh3 51. Rxg6 Kh4 52. Rf6 Kg5 53. Ra6 f3 54. Ra2 Kg4 55. Kh2 Rh3+ 56. Kg1 Kg3 57. Ra3 Rh7 58. Rb3 Ra7 59. Rb1 Ra2 60. Rc1 Rg2+ 0-1

[Event "Vaujany op-B 7th"]
[Site "Vaujany"]
[Date "2016.07.16"]
[Round "6"]
[White "Terwagne, Bertrand"]
[Black "Roche, Yves"]
[Result "1-0"]
[WhiteElo "1780"]
[BlackElo "1828"]
[PlyCount "85"]
[EventDate "2016.07.16"]
[EventType "swiss"]
[EventRounds "9"]
[EventCountry "FRA"]
[SourceTitle "EXT 2017"]
[Source "ChessBase"]
[SourceDate "2016.10.25"]
[SourceVersion "1"]
[SourceVersionDate "2016.10.25"]
[SourceQuality "1"]

1. e4 d6 2. d4 g6 3. Nc3 Bg7 4. Be2 Nc6 5. Be3 Nf6 6. h4 h6 7. f4 h5 8. d5 Nb8 9. Nh3 c5 10. Nf2 b6 11. Bb5+ Kf8 12. Be2 Ba6 13. Bd2 Bxe2 14. Nxe2 b5 15. a3 Qb6 16. Bc3 Na6 17. b4 Nd7 18. Qd3 Rc8 19. Rb1 cxb4 20. Bxg7+ Kxg7 21. axb4 Rc4 22. c3 Rhc8 23. Nd1 Nf6 24. Nd4 Ng4 25. Rb3 Nb8 26. Ra3 a6 27. Ne3 Nxe3 28. Qxe3 Qc7 29. Kd2 Qd7 30. f5 Rg8 31. Rf1 Rxd4+ 32. Qxd4+ f6 33. Qe3 Kf7 34. g3 Qc7 35. Raa1 Qb7 36. Qh6 Nd7 37. Qh7+ Kf8 38. fxg6 Rg7 39. Qh8+ Rg8 40. Qxh5 Ne5 41. Qh6+ Rg7 42. Qh8+ Rg8 43. Rxf6+ 1-0